Sports Quiz

Random Sports or Football Quiz

NFL Top Tacklers Per Team 2011 Quiz Stats

 Plays Quiz not verified by Sporcle

Challenge
Share
Tweet
Embed
Score 0/160 Timer 15:00
0 Plays Today
Tackles Player % Correct
Baltimore RavensRay Lewis
89.1%
Kansas City ChiefsKendrick Lewis
89.1%
Kansas City ChiefsDerrick Johnson
83.6%
Baltimore RavensTerrell Suggs
78.2%
Jacksonville JaguarsDaryl Smith
78.2%
Miami DolphinsSean Smith
78.2%
New York JetsEric Smith
78.2%
San Francisco 49ersJustin Smith
78.2%
Denver BroncosChris Harris
74.5%
New York JetsDavid Harris
74.5%
Baltimore RavensCary Williams
69.1%
Denver BroncosD.J. Williams
69.1%
Chicago BearsBrian Urlacher
67.3%
San Francisco 49ersPatrick Willis
67.3%
Cleveland BrownsD'Qwell Jackson
65.5%
Dallas CowboysDeMarcus Ware
65.5%
Minnesota VikingsJared Allen
65.5%
Philadelphia EaglesNate Allen
65.5%
Buffalo BillsGeorge Wilson
63.6%
Chicago BearsLance Briggs
63.6%
Washington RedskinsJosh Wilson
63.6%
Miami DolphinsRashad Jones
61.8%
New England Patriots Jerod Mayo
61.8%
Tampa Bay Buccaneers Sean Jones
61.8%
Pittsburgh SteelersTroy Polamalu
60%
Seattle SeahawksEarl Thomas
58.2%
Green Bay PackersCharles Woodson
56.4%
Jacksonville JaguarsRashean Mathis
56.4%
Dallas CowboysSean Lee
52.7%
Green Bay PackersA.J. Hawk
52.7%
Houston TexansBrian Cushing
52.7%
New Orleans SaintsMalcolm Jenkins
50.9%
Washington RedskinsLondon Fletcher
50.9%
Denver BroncosVon Miller
49.1%
Miami DolphinsKarlos Dansby
49.1%
Arizona CardinalsPatrick Peterson
47.3%
Atlanta FalconsDunta Robinson
47.3%
Kansas City ChiefsTamba Hali
45.5%
Minnesota VikingsE.J. Henderson
45.5%
Buffalo BillsBryan Scott
43.6%
New Orleans SaintsTracy Porter
43.6%
New York GiantsKenny Phillips
43.6%
New York JetsBart Scott
43.6%
Pittsburgh SteelersRyan Clark
43.6%
San Francisco 49ersNavorro Bowman
43.6%
Atlanta FalconsCurtis Lofton
41.8%
Carolina PanthersJames Anderson
41.8%
Houston TexansDeMeco Ryans
41.8%
Pittsburgh SteelersJames Farrior
41.8%
Buffalo BillsNick Barnett
40%
Chicago BearsCharles Tillman
40%
New Orleans SaintsRoman Harper
40%
New York GiantsJason Pierre-Paul
40%
Pittsburgh SteelersLawrence Timmons
40%
Tackles Player % Correct
Washington RedskinsDeAngelo Hall
40%
Houston TexansJ.J. Watt
38.2%
Indianapolis ColtsPat Angerer
38.2%
New York GiantsAntrel Rolle
36.4%
Philadelphia EaglesBrian Rolle
36.4%
San Diego ChargersEric Weddle
36.4%
Minnesota VikingsChad Greenway
34.5%
New England Patriots Devin McCourty
34.5%
Philadelphia EaglesTrent Cole
34.5%
Tennessee TitansJason McCourty
34.5%
Atlanta FalconsSean Weatherspoon
32.7%
Atlanta FalconsWilliams Moore
32.7%
Buffalo BillsJairus Byrd
32.7%
Cincinnati BengalsRey Maualuga
32.7%
Cleveland BrownsJoe Haden
32.7%
Detroit LionsStephen Tulloch
32.7%
Kansas City ChiefsBrandon Flowers
32.7%
New Orleans SaintsJabari Greer
32.7%
Oakland RaidersRolando McClain
32.7%
Dallas CowboysAnthony Spencer
30.9%
Indianapolis ColtsAntoine Bethea
30.9%
San Diego ChargersTakeo Spikes
30.9%
Cincinnati BengalsReggie Nelson
29.1%
Minnesota VikingsCedric Griffin
29.1%
New York GiantsMichael Boley
29.1%
Tampa Bay Buccaneers Quincy Black
29.1%
Tennessee TitansMichael Griffin
29.1%
Tennessee TitansCortland FInnegan
29.1%
Detroit LionsEric Wright
27.3%
Jacksonville JaguarsDawan Landry
27.3%
San Francisco 49ersDonte Whitner
27.3%
Tampa Bay Buccaneers Ronde Barber
27.3%
Arizona CardinalsDaryl Washington
25.5%
Atlanta FalconsThomas DeCoud
25.5%
Cincinnati BengalsNate Clements
25.5%
Detroit LionsDeAndre Levy
25.5%
New England Patriots Kyle Arrington
25.5%
New York JetsCalvin Pace
25.5%
Green Bay PackersMorgan Burnett
23.6%
Jacksonville JaguarsPaul Posluszny
23.6%
Miami DolphinsKevin Burnett
23.6%
New England Patriots Rob Ninkovich
23.6%
Oakland RaidersAaron Curry
23.6%
San Francisco 49ersDashon Goldson
23.6%
St. Louis RamsJames Laurinaitis
23.6%
Baltimore RavensLardarius Webb
21.8%
Green Bay PackersDesmond Bishop
21.8%
Philadelphia EaglesKurt Coleman
21.8%
Seattle SeahawksLeRoy Hill
21.8%
Carolina PanthersSherrod Martin
20%
Denver BroncosJoe Mays
20%
Washington RedskinsRyan Kerrigan
20%
Arizona CardinalsRichard Marshall
18.2%
Miami DolphinsYeremiah Bell
18.2%
Tackles Player % Correct
San Diego ChargersAntoine Cason
18.2%
Tampa Bay Buccaneers Mason Foster
18.2%
Arizona CardinalsA.J. Jefferson
16.4%
Buffalo BillsKelvin Sheppard
16.4%
Carolina PanthersCharles Godfrey
16.4%
Detroit LionsJustin Durant
16.4%
New Orleans SaintsJo-Lonn Dunbar
16.4%
Pittsburgh SteelersWilliam Gay
16.4%
St. Louis RamsDarian Stewart
16.4%
Baltimore RavensBernard Pollard
14.5%
Chicago BearsTim Jennings
14.5%
Cincinnati BengalsThomas Howard
14.5%
New York GiantsMathias Kiwanuka
14.5%
Oakland RaidersKamerion Wimbley
14.5%
Seattle SeahawksKam Chancellor
14.5%
St. Louis RamsQuintin Mikell
12.7%
Carolina PanthersDan Connor
12.7%
Cleveland BrownsChris Gocong
12.7%
Houston TexansGlover Quinn
12.7%
Indianapolis ColtsKavell Conner
12.7%
Kansas City ChiefsJovan Belcher
12.7%
New York JetsSione Pouha
12.7%
San Diego ChargersDonald Butler
12.7%
Seattle SeahawksBrandon Browner
12.7%
Arizona CardinalsParis Lenon
10.9%
Cleveland BrownsUsama Young
10.9%
Indianapolis ColtsPhillip Wheeler
10.9%
Oakland RaidersTyvon Branch
10.9%
San Diego ChargersSteve Gregory
10.9%
Seattle SeahawksDavid Hawthorne
10.9%
Washington RedskinsReed Doughty
10.9%
Dallas CowboysGerald Sensabaugh
9.1%
Denver BroncosWesley Woodyard
9.1%
Detroit LionsAmari Spievey
9.1%
Green Bay PackersCharlie Peprah
9.1%
Tennessee TitansJordan Babineaux
9.1%
Chicago BearsIsrael Idonije
7.3%
Cleveland BrownsAhtyba Rubin
7.3%
Dallas CowboysAbram Elam
7.3%
New England Patriots James Ihedigbo
7.3%
Philadelphia EaglesJamar Chaney
7.3%
Cincinnati BengalsChris Crocker
5.5%
Houston TexansDanieal Manning
5.5%
Indianapolis ColtsJacob Lacey
5.5%
Minnesota VikingsJamarca Sanford
5.5%
St. Louis RamsJustin King
5.5%
Tennessee TitansColin McCarthy
5.5%
Carolina PanthersJordan Senn
1.8%
Oakland RaidersMatt Giordano
1.8%
St. Louis RamsChris Chamberlain
1.8%
Tampa Bay Buccaneers E.J. Biggers
1.8%
Jacksonville JaguarsJeremy Mincey
0%

You're not logged in!

Compare scores with friends on all Sporcle quizzes.
OR
Log In

You Might Also Like...

Show Comments

Extras

Top Quizzes Today


Score Distribution

Your Account Isn't Verified!

In order to create a playlist on Sporcle, you need to verify the email address you used during registration. Go to your Sporcle Settings to finish the process.

Report this User

Report this user for behavior that violates our Community Guidelines.

Details: